00938 2200301 4500001002100000005001500021035002000036007000300056008004100059020002200100040002200122082001500144084001700159090002200176100003600198245009300234250003600327300006100363650001600424850001200440504003400452264003200486336002100518337003000539338002300569999002200592990002200614INLIS00000000085973320210510094726 a0010-0521000314ta210510t2020 yoia e ind d a978-623-02-0580-4 aYOPDYOGbinderda04223a370.12 a370.12 MUH k aCB-D.11 2020-21320 aMuhammad Hanafid1970-epenulis10aKesantunan imperatif dalam wacana akademik :b(kajian sosiopragmatik) /cMuhammad Hanafi aCetakan pertama: Februari, 2020 ax, 214 halaman :bilustrasi, gambar hitam putih ;c23 cm 4aPragmatisme aYOPDYOG aBibliografi : halaman 210-21431aSleman :bDeepublish,c2020 2rdacontentateks 2rdamediaatanpa perantara 2rdacarrieravolume aCB-D.11/2020-2132 aCB-D.11/2020-2132